| 000 | 00861nam0a22003131 4500 | ||
|---|---|---|---|
| 001 | RU\NLR\A1SV\42669 | ||
| 005 | 20251203171251.9 | ||
| 035 | _a(NLR Aleph) 009724916 | ||
| 090 |
_a9887173 _c9887173 |
||
| 100 | _a20260120 rusy50 | ||
| 101 | 0 | _arus | |
| 102 | _aRU | ||
| 200 | 1 |
_aБольшая Каменка _eРоман |
|
| 210 |
_aМ. _cМол. гвардия _d1927 [1926] |
||
| 215 |
_a316, [4] с. _d21 х 15 см |
||
| 620 | _dМосква | ||
| 700 | 1 |
_4070 _aДорогойченко _bА. Я. _f1894-1947 _gАлексей Яковлевич _9142800 _3RU\NLR\AUTH\770142836 |
|
| 801 | 0 |
_aRU _bNLR _c20020605 |
|
| 852 |
_aNLR _j24/402 |
||
| 852 |
_aNLR _j24/402а |
||
| 899 | _aГПИБ | ||
| 899 | _aБАН | ||
| 899 | _aНБУВ | ||
| 899 | _aРГБ | ||
| 899 | _aSLK | ||
| 942 | _cBOOK | ||
| 980 | _aNB | ||
| 980 | _aA1SV | ||